| 000 | 00734nam a22002172 4500 | ||
|---|---|---|---|
| 001 | 0000005158 | ||
| 005 | 20151217161135.0 | ||
| 008 | 070607s xx 000 0 eng d | ||
| 020 |
_a8120317882 : _cKES 1,990 |
||
| 040 |
_aKABU _cKABU |
||
| 050 | 0 |
_aTK5102 _b.M53 2000 |
|
| 100 | 1 |
_aTulloch, Mitch. _@0000156296 |
|
| 245 | 1 | 0 |
_aMicrosoft encyclopedia of networking / _cMitch Tulloch. |
| 260 |
_aNew Delhi : _bPrentice Hall of India, _cc2000. |
||
| 300 |
_alviii, 1470 p. : _bill. ; _c25 cm. + _e1 computer laser optical disc (43/4 in.) |
||
| 500 | _aIncludes index. | ||
| 650 | 0 |
_aComputer networks _zEncyclopedias. _@0000156297 |
|
| 908 | _a070607 | ||
| 950 | _@1 | ||
| 999 |
_c14982 _d14982 |
||